Statistics for 2011-12 npower Championship Managers

Click here to take the quiz!

General Stats

  • This quiz has been taken 138 times
  • The average score is 11 of 24

Answer Stats

Hint Answer % Correct
BlackpoolIan Holloway
78%
SouthamptonNigel Adkins
71%
West Ham UnitedSam Allardyce
68%
Brighton & Hove AlbionGus Poyet
67%
ReadingBrian McDermott
63%
Derby CountyNigel Clough
62%
Leicester CityNigel Pearson
61%
Peterborough UnitedDarren Ferguson
58%
WatfordSean Dyche
55%
Leeds UnitedNeil Warnock
54%
Cardiff CityMalky Mackay
49%
Crystal PalaceDougie Freedman
48%
MiddlesbroughTony Mowbray
45%
Birmingham CityChris Hughton
45%
MillwallKenny Jackett
44%
Ipswich TownPaul Jewell
44%
BurnleyEddie Howe
40%
Doncaster RoversDean Saunders
31%
PortsmouthMichael Appleton
28%
Nottingham ForestSteve Cotterill
27%
BarnsleyKeith Hill
27%
Hull CityNick Barmby
24%
Bristol CityDerek McInnes
22%
Coventry CityAndy Thorn
18%

Score Distribution

Percentile by Number Answered

Percent of People with Each Score

Your Score History

You have not taken this quiz